<?xml version="1.0" encoding="UTF-8"?>
<record
    xmlns:xsi="http://www.w3.org/2001/XMLSchema-instance"
    xsi:schemaLocation="http://www.loc.gov/MARC21/slim http://www.loc.gov/standards/marcxml/schema/MARC21slim.xsd"
    xmlns="http://www.loc.gov/MARC21/slim">

  <leader>01600nam a22003497a 4500</leader>
  <controlfield tag="001">BRCA_9185</controlfield>
  <controlfield tag="003">FranzMayer</controlfield>
  <controlfield tag="005">20220809132359.0</controlfield>
  <controlfield tag="008">220704b        |||||||| |||| 00| 0 spa d</controlfield>
  <datafield tag="020" ind1=" " ind2=" ">
    <subfield code="a">9686815260</subfield>
  </datafield>
  <datafield tag="040" ind1=" " ind2=" ">
    <subfield code="c">MFM</subfield>
    <subfield code="b">spa</subfield>
  </datafield>
  <datafield tag="043" ind1=" " ind2=" ">
    <subfield code="a">n-mx---</subfield>
  </datafield>
  <datafield tag="050" ind1="0" ind2="0">
    <subfield code="a">NC976.M6</subfield>
    <subfield code="b">S23 2004</subfield>
  </datafield>
  <datafield tag="100" ind1="1" ind2=" ">
    <subfield code="a">Saborit, Antonio,</subfield>
    <subfield code="d">1957-</subfield>
    <subfield code="9">28404</subfield>
  </datafield>
  <datafield tag="245" ind1="1" ind2="0">
    <subfield code="a">Diario de las cigarras :</subfield>
    <subfield code="b">Izaguirre, Mart&#xED;nez Carri&#xF3;n y Villasana dibujan del natural /</subfield>
    <subfield code="c">Antonio Saborit.</subfield>
  </datafield>
  <datafield tag="260" ind1=" " ind2=" ">
    <subfield code="a">M&#xE9;xico, D.F. :</subfield>
    <subfield code="b">Grupo CARSO,</subfield>
    <subfield code="c">2004.</subfield>
  </datafield>
  <datafield tag="300" ind1=" " ind2=" ">
    <subfield code="a">221 p. :</subfield>
    <subfield code="b">ill. ;</subfield>
    <subfield code="c">24 x 33 cm.</subfield>
  </datafield>
  <datafield tag="500" ind1=" " ind2=" ">
    <subfield code="a">Ubicaci&#xF3;n: L59-N5</subfield>
  </datafield>
  <datafield tag="504" ind1=" " ind2=" ">
    <subfield code="a">Incluye referencias bibliogr&#xE1;ficas (p. 219-221).</subfield>
  </datafield>
  <datafield tag="520" ind1=" " ind2=" ">
    <subfield code="a">Este ejemplar tiene como principal objetivo conocer y apreciar la obra gr&#xE1;fica que dejaron en las p&#xE1;ginas de "El Mundo Ilustrado" tres valiosos artistas mexicanos: Jos&#xE9; Mar&#xED;a Villasana, Jes&#xFA;s Mart&#xED;nez Carri&#xF3;n y Leonardo Izaguirre, donde al mismo tiempo se podr&#xE1; apreciar la narraci&#xF3;n hist&#xF3;rica de Antonio Saborit.</subfield>
  </datafield>
  <datafield tag="600" ind1="1" ind2="0">
    <subfield code="a">Izaguirre, Leandro,</subfield>
    <subfield code="d">1867-1941.</subfield>
    <subfield code="9">28405</subfield>
  </datafield>
  <datafield tag="600" ind1="1" ind2="0">
    <subfield code="a">Mart&#xED;nez Carri&#xF3;n, Jes&#xFA;s,</subfield>
    <subfield code="d">1860-1906.</subfield>
    <subfield code="9">28406</subfield>
  </datafield>
  <datafield tag="600" ind1="1" ind2="0">
    <subfield code="a">Villasana, Jos&#xE9; Mar&#xED;a,</subfield>
    <subfield code="d">1848-1904.</subfield>
    <subfield code="9">28407</subfield>
  </datafield>
  <datafield tag="630" ind1="0" ind2="0">
    <subfield code="a">Mundo ilustrado (Mexico City, Mexico)</subfield>
    <subfield code="9">28408</subfield>
  </datafield>
  <datafield tag="650" ind1=" " ind2="0">
    <subfield code="a">Ilustraci&#xF3;n de peri&#xF3;dicos</subfield>
    <subfield code="z">M&#xE9;xico</subfield>
    <subfield code="y">Siglo XIX</subfield>
    <subfield code="9">28409</subfield>
  </datafield>
  <datafield tag="650" ind1=" " ind2="0">
    <subfield code="a">Ilustraciones </subfield>
    <subfield code="z">M&#xE9;xico</subfield>
    <subfield code="y">Siglo XIX</subfield>
    <subfield code="9">28410</subfield>
  </datafield>
  <datafield tag="700" ind1="1" ind2="2">
    <subfield code="a">Izaguirre, Leandro,</subfield>
    <subfield code="d">1867-1941.</subfield>
    <subfield code="9">28405</subfield>
  </datafield>
  <datafield tag="700" ind1="1" ind2="2">
    <subfield code="a">Mart&#xED;nez Carri&#xF3;n, Jes&#xFA;s,</subfield>
    <subfield code="d">1860-1906.</subfield>
    <subfield code="9">28406</subfield>
  </datafield>
  <datafield tag="700" ind1="1" ind2="2">
    <subfield code="a">Villasana, Jos&#xE9; Mar&#xED;a,</subfield>
    <subfield code="d">1848-1904.</subfield>
    <subfield code="9">28407</subfield>
  </datafield>
  <datafield tag="942" ind1=" " ind2=" ">
    <subfield code="2">lcc</subfield>
    <subfield code="c">B</subfield>
  </datafield>
  <datafield tag="999" ind1=" " ind2=" ">
    <subfield code="c">10804</subfield>
    <subfield code="d">10804</subfield>
  </datafield>
  <datafield tag="952" ind1=" " ind2=" ">
    <subfield code="0">0</subfield>
    <subfield code="1">0</subfield>
    <subfield code="2">lcc</subfield>
    <subfield code="4">0</subfield>
    <subfield code="7">0</subfield>
    <subfield code="a">BRCA</subfield>
    <subfield code="b">BRCA</subfield>
    <subfield code="d">2022-07-04</subfield>
    <subfield code="l">0</subfield>
    <subfield code="o">NC976.M6 S23 2004</subfield>
    <subfield code="p">CONT9958</subfield>
    <subfield code="r">2022-07-04 00:00:00</subfield>
    <subfield code="w">2022-07-04</subfield>
    <subfield code="y">B</subfield>
  </datafield>
</record>
